100 Peintres - Statistiques

Statistiques générales
  • Ce quiz a été pris 819 fois
  • Le résultat moyen est 54 sur 100
Statistiques - réponses
Œuvres Auteur % Correct
Les Tournesols, La Nuit étoilée, Les Mangeurs de pommes de terre Vincent Van Gogh
99%
La Liberté guidant le peuple, La Mort de Sardanapale, Scène des massacres de Scio Eugène Delacroix
94%
La Joconde, La Cène, L'Homme de Vitruve Léonard de Vinci
94%
Impression soleil levant, Nymphéas, Les Coquelicots Claude Monet
93%
Le Déjeuner sur l'herbe, Olympia, L'Enterrement Edouard Manet
92%
Guernica, Les Demoiselles d'Avignon, La Celestina Pablo Picasso
92%
Le Cri, La Madone, L'Enfant malade Edvard Munch
89%
La Jeune fille à la perle, La Laitière, L'Astronome Johannes Vermeer
89%
Plafond de la chapelle Sixtine, Le Jugement dernier, Tondo Doni Michel-Ange
89%
La Naissance de Vénus, Le Printemps, Pallas et le Centaure Sandro Botticelli
87%
La Persistance de la mémoire, Galatea des sphères, La Tentation de saint Antoine Salvador Dali
86%
Montagnes en Provence, Les Joueurs de Cartes, La Montagne Sainte-Victoire Paul Cézanne
84%
La Leçon d'anatomie du docteur Tulp, La Ronde de nuit, Les Pèlerins d'Emmaüs Rembrandt
84%
Les Deux sœurs, Jeunes filles en noir, Le Déjeuner des canotiers Auguste Renoir
81%
L'Ecole d'Athènes, Portrait du pape Jules II, La Vierge aux oeillets Raphaël
81%
Tres de mayo, El quitasol, Le Sabbat des sorcières Francisco de Goya
80%
L'Origine du monde, Les Casseurs de pierres, Le Désespéré Gustave Courbet
80%
La Mort de Marat, Le Sacre de Napoléon, Les Sabines Jacques-Louis David
79%
Le Radeau de la Méduse, Officier de chasseurs à cheval de la garde impériale chargeant, Tête de cheval Théodore Géricault
79%
Le Baiser, Danaé, Judith et Holopherne Gustav Klimt
77%
Campbell's Soup Cans, Diptyque Marilyn, Ten Lizes Andy Warhol
76%
Moulin-Rouge – La Goulue, La Blanchisseuse, Au Moulin de la Galette Henri de Toulouse-Lautrec
76%
Les Blanchisseuses, L'Absinthe, La Famille Bellelli Edgar Degas
74%
D'où venons-nous ? Que sommes-nous ? Où allons-nous ?, Fatata te Miti, Manao tupapau Paul Gauguin
74%
La Trahison des images, Les Amants, La Reproduction interdite René Magritte
73%
Femme au chapeau, Nu bleu, La Joie de vivre Henri Matisse
72%
Les Glaneuses, L'Angélus, La becquée Jean-François Millet
70%
Pluie Vapeur et Vitesse, Le Dernier Voyage du Téméraire, Le Négrier William Turner
70%
Les Ménines, Les Fileuses, Vénus à son miroir Diego Velazquez
68%
Garçon à la corbeille de fruits, Le Joueur de luth, La Vocation de saint Matthieu Le Caravage
68%
La Chasse au tigre, Sous la tonnelle de chèvrefeuille, Le chapeau de paille Pierre Paul Rubens
67%
Le Jardin des délices, Le Chariot de foin, La Nef des fous Jérôme Bosch
66%
La Baigneuse Valpinçon, La Grande Odalisque, Jupiter et Thétis Jean-Antoine-Dominique Ingres
65%
Improvisation avec formes froides, Bleu de ciel, Gelb-Rot-Blau Vassily Kandinsky
65%
Ce que l'eau me donne, Mémoire, La Colonne brisée Frida Kahlo
64%
Les Raboteurs de parquet, Périssoires, Vue de toits Gustave Caillebotte
64%
La Grande Vague de Kanagawa, Le Fuji par temps clair, Kaijo no Fuji Hokusai
64%
Les Poseuses, Le Cirque, Une baignade à Asnières Georges Seurat
63%
Les Noces de Cana, Le Repas chez Levi, La Famille de Darius devant Alexandre Paul Véronèse
63%
L'Enlèvement des Sabines, L'Inspiration du poète, Le Jugement de Salomon Nicolas Poussin
62%
Les Toits rouges, Boulevard Montmartre effet de nuit, Une rue de village Louveciennes Camille Pissarro
60%
Les Epoux Amolfini, L'Adoration de l'agneau mystique, La Vierge du chancelier Rolin Jan Van Eyck
60%
Nord-Sud, Portrait de Vicenç Nubiola, La Ferme Joan Miro
60%
La Femme au miroir, La Vierge au lapin, Vénus d'Urbin Titien
60%
Le Voyageur contemplant une mer de nuages, Le Chasseur dans la forêt, Les Âges de la vie Caspar David Friedrich
59%
Maisons à l'Estaque, Le Grand Nu, Route près de l'Estaque Georges Braque
58%
Dédié à ma fiancée, Moi et le village, Les Portes du cimetière Marc Chagall
58%
Paul Alexandre sur fond vert, L'Amazone, Nu assis sur un divan Amedeo Modigliani
57%
Composition II en rouge bleu et jaune, Broadway Boogie-Woogie, Arbre rouge Piet Mondrian
56%
Autumn Rythmn, Blue Poles, No.5 1948 Jackson Pollock
55%
La Liseuse, Le Colin-Maillard, Le Verrou Jean-Honoré Fragonard
55%
Look Mickey, Drowning Girl, Whaam! Roy Lichtenstein
53%
Gem Spa, Notary, Slave Auction Jean-Michel Basquiat
52%
Vue de Tolède, L'Enterrement du comte d'Orgaz, Le Gentilhomme à la main sur la poitrine Le Greco
51%
L.H.O.O.Q., Nu descendant un escalier, Le Passage de la Vierge à la Mariée Marcel Duchamp
49%
La Machine à gazouiller, Légende du marais, Attrapes Paul Klee
49%
Trois études de figures au pied d'une crucifixion, Trois études de Lucian Freud Francis Bacon
48%
Nighthawks, Chop Suey, Room in New York Edward Hopper
47%
Le Tricheur à l'as de carreau, La Diseuse de bonne aventure, La Madeleine à la veilleuse Georges de la Tour
46%
Carré noir sur fond blanc, Carré blanc sur fond blanc, Samovar Kasimir Malevitch
45%
Le Sentier des douanes, La Calanque, Le Port de La Rochelle Paul Signac
45%
Le Siège d'Asola, Saint Marc sauvant l'esclave, La Naissance de Jean le Baptiste Le Tintoret
42%
Le Lièvre, L'Homme de douleurs, Un étang en forêt Albrecht Dürer
41%
La Petite Fille au ballon, Devolved Parliament, Slave Labour Banksy
41%
American Gothic, Fall Plowing, The Midnight Ride of Paul Revere Grant Wood
41%
Paysage au disque, L'Equipe de Cardiff, Les Fenêtres Robert Delaunay
41%
Vertumne, Le Feu, Le Juriste Giuseppe Arcimboldo
40%
Femme assise genoux plié, Le Port de Trieste, Couple de femmes amoureuses Egon Schiele
39%
La Danse des paysans, Deux Singes, Dulle Griet Pieter Brueghel l'Ancien
37%
Retour de l'auberge, La danse de noces, Scène de patinage Pieter Brueghel le Jeune
36%
Oedipe et le Sphinx, L'Apparition, Le Cantique des cantiques Gustave Moreau
35%
Les Footballeurs, Hommage à Piranese, Le Parc des Princes Nicolas de Staël
34%
La Tour des chevaux bleus, Destins d'animaux, Renard Franz Marc
32%
Charles Ier à la chasse, Jupiter et Antiope, Samson et Dalila Antoine Van Dyck
31%
Triptyque de Cortone, Pala di Fiesole, Pala di San Marco Fra Angelico
31%
Le Wagon de troisième classe, Don Quichotte et Sancho Panza, Le Malade imaginaire Honoré Daumier
31%
La Raie, Le Buffet, Les attributs de la musique Jean Siméon Chardin
31%
La Fontaine de jouvence, Portrait de Martin Luther, Adam et Eve Lucas Cranach l'Ancien
31%
Nymphe du printemps, Hans von Lindau, Christ bénissant les enfants Lucas Cranach le Jeune
30%
Hip Hip Hurrah!, Roses, Soirée d'été sur la plage du sud de Skagen avec Anna Ancher et Marie Kroyer Peder Severin Kroyer
30%
L'Incertitude du poète, Le Cerveau de l'enfant, Les Muses inquiétantes Giorgio de Chirico
29%
Le Cauchemar, Le Silence, Lady Macbeth somnambule Johann Heinrich Füssli
29%
The Crack is Wack, We are the Youth, Free South Africa Keith Haring
29%
Plantation d'un calvaire, Le Rappel des glaneuses, A travers champs Jules Breton
28%
Le Triomphe de la chasteté, Le baptême du Christ, La Légende de la Vraie Croix Piero della Francesca
28%
La Blanche et la Noire, Honfleur dans la burme, Etude de fesses Félix Vallotton
27%
Les Arbres rouges, La Seine à Chatou, Les Coteaux de Rueil Maurice de Vleminck
27%
Vert-vert, Jeune fille à la fontaine, Valentine de Milan pleurant la mort de son époux Fleury Richard
26%
Le Rat de bibliothèque, Le pauvre poète, Le lecteur de journal dans le jardin familial Carl Spitzweg
25%
La Belle Chocolatière, Le Petit Déjeuner, Lady Montagu en robe turque Jean-Etienne Liotard
25%
L'Ânier, Vue dans une ruelle, Femme à la veste verte August Macke
24%
Coucher de soleil sur la mer, Dans les dunes, Paysage de Rügen Eugen Dücker
24%
Promenade au bord de la mer, Triste héritage, Traite des Blanches Joaquin Sorolla
24%
Woman III, Interchange, Police Gazette Willem de Kooning
24%
Le Jugement de Pâris, Persée et Andromède, Le Parnasse Raphaël Mengs
23%
Monsieur CHAT Thoma Vuille
23%
Trois beautés de notre temps, Couple au paravent, Les Pêcheuses d'abalone Utamaro
23%
L'Île des morts, Vénus anadyomène, Dans le jeu des vagues Arnold Bröcklin
21%
L'Enlèvement d'Europe, Le Joueur de cornemuse, Mercure et Argus Jacob Jordaens
21%
Le Quart-Etat, Fleuve, Le Soleil Giuseppe Pellizza
20%
Aucun quiz correspondant
Distribution des résultats
% des personnes avec chaque résultat
Percentile par nombre de réponses
Votre historique - résultats
Vous n’avez pas pris ce quiz